Score 0/67 Timer 12:00
0 Plays Today
county % Correct
Philadelphia
90.8%
Erie
87%
Lancaster
87%
Bucks
86.5%
Allegheny
86%
Adams
80.7%
Chester
80.2%
Delaware
80.2%
Berks
79.2%
Washington
79.2%
York
79.2%
Montgomery
76.8%
Centre
72%
Jefferson
72%
Lehigh
69.6%
Dauphin
68.6%
Monroe
68.1%
Franklin
66.2%
Greene
64.7%
Lebanon
63.3%
Lackawanna
62.8%
Westmoreland
62.8%
Pike
61.8%
Carbon
60.9%
Luzerne
60.9%
Wayne
60.4%
Wyoming
60.4%
Somerset
58.9%
Beaver
58.5%
Juniata
58.5%
Indiana
58%
Union
58%
Northumberland
57.5%
Cumberland
57%
county % Correct
Susquehanna
57%
Clearfield
56.5%
Forest
56.5%
Elk
55.1%
Lycoming
55.1%
Bradford
54.6%
Potter
54.6%
Tioga
54.6%
Northampton
54.1%
Schuylkill
54.1%
Venango
54.1%
Warren
54.1%
Bedford
53.6%
Mercer
53.6%
Cambria
53.1%
Mifflin
52.7%
Butler
52.2%
Clarion
52.2%
Fayette
52.2%
Clinton
50.2%
Fulton
49.3%
Perry
48.8%
Armstrong
47.3%
Blair
47.3%
Huntingdon
47.3%
McKean
47.3%
Columbia
46.4%
Cameron
44.4%
Montour
43.5%
Crawford
43%
Lawrence
42.5%
Sullivan
42%
Snyder
41.5%
Remove Ads.
Support Sporcle.
Get the best of Sporcle when you Go Orange. This ad-free experience offers more features, more stats, and more fun while also helping to support Sporcle. Thank you for becoming a member.

You're not logged in!

Compare scores with friends on all Sporcle quizzes.
OR
Log In

Show Comments

Extras

Created Oct 11, 2009SourceReportNominate
Tags:counties, Pennsylvania

Top Quizzes Today


Score Distribution

Your Account Isn't Verified!

In order to create a playlist on Sporcle, you need to verify the email address you used during registration. Go to your Sporcle Settings to finish the process.

Report this User

Report this user for behavior that violates our Community Guidelines.

Details: